Catálogo de libros y revistas. (Record no. 26306)
[ view plain ]
| 000 -CABECERA | |
|---|---|
| campo de control de longitud fija | 00957nam a2200253 a 4500 |
| 001 - NÚMERO DE CONTROL | |
| campo de control | 000026814 |
| 005 - FECHA Y HORA DE LA ÚLTIMA TRANSACCIÓN | |
| campo de control | 20250131205118.0 |
| 008 - DATOS DE LONGITUD FIJA--INFORMACIÓN GENERAL | |
| campo de control de longitud fija | 110325s1948 dr r 000 | fre d |
| 040 ## - FUENTE DE LA CATALOGACIÓN | |
| Centro catalogador/agencia de origen | DO-SdBNP |
| Lengua de catalogación | spa |
| Centro/agencia transcriptor | BNPHU |
| 082 ## - NÚMERO DE LA CLASIFICACIÓN DECIMAL DEWEY | |
| Número de clasificación | R 015.44 |
| Número de documento/Ítem | S237c |
| 110 1# - ENTRADA PRINCIPAL--NOMBRE DE ENTIDAD CORPORATIVA | |
| Nombre de entidad corporativa o nombre de jurisdicción como elemento de entrada | Santo Domingo. |
| Unidad subordinada | Universidad |
| 9 (RLIN) | 53930 |
| 245 10 - MENCIÓN DE TÍTULO | |
| Título | Catálogo de libros y revistas. |
| 260 ## - PUBLICACIÓN, DISTRIBUCIÓN, ETC. | |
| Lugar de publicación, distribución, etc. | Santo Domingo : |
| Nombre del editor, distribuidor, etc. | Pol Hermanos, |
| Fecha de publicación, distribución, etc. | 1948. |
| 300 ## - DESCRIPCIÓN FÍSICA | |
| Extensión | 70 p. ; |
| Dimensiones | 23 cm. |
| 490 1# - MENCIÓN DE SERIE | |
| Mención de serie | Publicaciones de la Universidad de Santo Domingo |
| Designación de volumen o secuencia | 57 |
| 500 ## - NOTA GENERAL | |
| Nota general | Incluye índice de nombres. |
| 500 ## - NOTA GENERAL | |
| Nota general | Donado por el gobierno de Francia a la Universidad de Santo Domingo |
| 590 ## - NOTA LOCAL (RLIN) | |
| Nota local | Inventariado, 2018/BT |
| 610 14 - PUNTO DE ACCESO ADICIONAL DE MATERIA--NOMBRE DE ENTIDAD CORPORATIVA | |
| Nombre de entidad corporativa o nombre de jurisdicción como elemento de entrada | UNIVERSIDAD DE SANTO DOMINGO |
| Subdivisión de forma | CATÁLOGOS |
| 9 (RLIN) | 53931 |
| 650 #4 - PUNTO DE ACCESO ADICIONAL DE MATERIA--TÉRMINO DE MATERIA | |
| Término de materia o nombre geográfico como elemento de entrada | Literatura francesa |
| Subdivisión de forma | BIBLIOGRAFÍA |
| -- | CATÁLOGOS |
| 9 (RLIN) | 53932 |
| 710 22 - PUNTO DE ACCESO ADICIONAL--NOMBRE DE ENTIDAD CORPORATIVA | |
| Nombre de entidad corporativa o nombre de jurisdicción como elemento de entrada | Universidad de Santo Domingo |
| 9 (RLIN) | 37767 |
| 830 #0 - PUNTO DE ACCESO ADICIONAL DE SERIE-TÍTULO UNIFORME | |
| Título uniforme | Publicaciones de la Universidad de Santo Domingo |
| Designación de volumen o secuencia | 57 |
| 9 (RLIN) | 818 |
| 910 ## - DATOS DE OPCIÓN DEL USUARIO (OCLC) | |
| Datos de opción del usuario | Validado. Control de calidad MFF |
| Estado de retiro | Estado de pérdida | Restricciones de uso | No para préstamo | Código de colección | Localización permanente | Ubicación/localización actual | Ubicación en estantería | Fecha de adquisición | Número de inventario | Total de préstamos | Signatura topográfica completa | Código de barras | Fecha visto por última vez | Precio válido a partir de | Tipo de ítem Koha | Número de copia |
|---|---|---|---|---|---|---|---|---|---|---|---|---|---|---|---|---|
| Excluido de préstamo | Raros y valiosos | Patrimonio Dominicano | Patrimonio Dominicano | Depósito | 25.03.2011 | LF1 | R 015.44 S237c | 26814-10 | 25.06.2020 | 25.06.2020 | No se presta | |||||
| Excluido de préstamo | Raros y valiosos | Patrimonio Dominicano | Patrimonio Dominicano | Depósito | 18.05.2011 | LF1 | R 015.44 S237c | 26814-20 | 25.06.2020 | 25.06.2020 | No se presta | e. 2 | ||||
| Raros y valiosos | Patrimonio Dominicano | Patrimonio Dominicano | Depósito | 18.10.2011 | LF1 | R 015.44 S237c | 26814-30 | 25.06.2020 | 25.06.2020 | Préstamo en sala | e. 3 | |||||
| Raros y valiosos | Patrimonio Dominicano | Patrimonio Dominicano | Depósito | 18.10.2011 | LF1 | R 015.44 S237c | 26814-40 | 25.06.2020 | 25.06.2020 | Préstamo en sala | e. 4 |
